LEADER 01252nam a2200241 i 4500 001 000000188318 003 CaOOAMICUS 005 20250224161849.0 008 100409s1952 gw u000 u ger u 013 $a166496 040 $aSeMil$bita 100 1 $aSchmidt, Wilhelm,$c.$0(OLS)http://semarc/name/248 245 14$aDie asiatischen Hirtenvölker :$bdie sekundären Hirtenvölker der Mongolen, der Burjaten, der Yuguren, sowie der Tungesen und der Yukagiren /$cvon Wilhelm Schmidt. 260 $aMünster :$bAschendorff,$c1952. 300 $aXXXI, 864 p. ;$c25 cm. 650 4$aReligioni - Storia - Fonti.$0(OLS)http://semarc/subject/2794 650 4$aAsia - Religioni.$0(OLS)http://semarc/subject/35425 773 0 $aSchmidt, Wilhelm $tReligionen der Hirtenvölker.$dMünster : Aschendorff, 1940-1955.$g4$w()268 850 $aSeMil 852 $aSeMil$W1$xVenegono$y1$m2X IV 10$j138976$B138976$CSeMilBibl$Z2$F150557 $81 996 $6245$aDie asiatischen Hirtenvölker :$bdie sekundären Hirtenvölker der Mongolen, der Burjaten, der Yuguren, sowie der Tungesen und der Yukagiren$9(OLS)http://semarc/title/270992 996 $6260$aMünster :$bAschendorff$9(OLS)http://semarc/publisher/29674 LEADER 01815nam a2200277 4500 001 000000354662 003 CaOOAMICUS 005 20230717130011.0 008 230717s1970 xxk 000 u eng r 020 $a0-576-99784-6 040 $aSeMil$bita 100 1 $aMaskell, William,$c.$0(OLS)http://semarc/name/117896 245 10$aMonumenta ritualia Ecclesiae anglicanae :$bthe occasional offices of the Church of England according to the old use of Salisbury the Prymer in english and other prayers and forms with dissertations and notes /$cby William Maskell. 250 $a2. Edition 264 1$aWestmead, Farnborough, Hants :$bGregg international publishers limited,$c1970. 300 $a3 v. ;$c20 cm 534 $pRistampa anastatica dell'ed.$cOxford : At the Clarendon press, 1882 546 $aTesto in inglese e latino 650 4$aLibri liturgici - Liturgia protestante - Anglicana.$0(OLS)http://semarc/subject/16574 774 0 $tVol. 1.$dWestmead, Farnborough, Hants : Gregg international publishers limited, 1970.$z0-576-99882-6$w()354663 774 0 $tVol. 2.$dWestmead, Farnborough, Hants : Gregg international publishers limited, 1970.$z0-576-99883-4$w()354664 774 0 $tVol. 3.$dWestmead, Farnborough, Hants : Gregg international publishers limited, 1970.$z0-576-99884-2$w()354665 996 $6020$a0-576-99784-6$9(OLS)http://semarc/number/298503 996 $6245$aMonumenta ritualia Ecclesiae anglicanae :$bthe occasional offices of the Church of England according to the old use of Salisbury the Prymer in english and other prayers and forms with dissertations and notes$9(OLS)http://semarc/title/444807 996 $6264$aWestmead, Farnborough, Hants :$bGregg international publishers limited$9(OLS)http://semarc/publisher/61127